Gender Economics/ (Record no. 205259)

MARC details
000 -LEADER
fixed length control field 00595nam a22001817a 4500
005 - DATE AND TIME OF LATEST TRANSACTION
control field 20240923154207.0
010 ## - LCCN (DPL NO)
LC control number ENG-141427
020 ## - INTERNATIONAL STANDARD BOOK NUMBER
Terms of availability 120..00
International Standard Book Number 9789389658743
035 ## - SYSTEM CONTROL NUMBER
System control number EN-124959
037 ## - SOURCE OF ACQUISITION
Source of stock number/acquisition DBAD
082 ## - DEWEY DECIMAL CLASSIFICATION NUMBER
Classification number 371.8220954
Edition number 1
100 ## - MAIN ENTRY--PERSONAL NAME
Personal name Nageswari, R.
245 ## - TITLE STATEMENT
Title Gender Economics/
Statement of responsibility, etc by R. Nageshwari
260 ## - PUBLICATION, DISTRIBUTION, ETC. (IMPRINT)
Place of publication, distribution, etc Tamil Nadu
Name of publisher, distributor, etc Shanlax publications
270 ## - ADDRESS
Address 61, 66 T.P.K. Main road vasantha nagar
City madurai
Postal code 625003
Telephone number 0452-4208765
-- 7639303383
Electronic mail address publisher@shanlaxpublications.com
300 ## - PHYSICAL DESCRIPTION
Extent 85p.
Dimensions 23cm(pb)
942 ## - ADDED ENTRY ELEMENTS (KOHA)
Source of classification or shelving scheme Dewey Decimal Classification
Item type English Books
Call number suffix NAG
Classification part 371.8220954
Holdings
Withdrawn status Lost status Not for loan Collection code Home library Current library Date acquired Source of acquisition Cost, normal purchase price Full call number Barcode Copy number Cost, replacement price Koha item type
      Non-fiction Shahdara Branch Shahdara Branch 23/08/2024 DBAD 120.00 371.8220954 NAG EN-124959 1 120.00 English Books

© Delhi Public Library
Hit Counter
free hit counter